San Francisco BART Stations - Statistics

General Stats
  • This quiz has been taken 181 times
    140 since last reset
  • The average score is 26 of 46
Answer Stats
Answer % Correct
Embarcadero
86%
Daly City
85%
Powell St
73%
Millbrae
72%
Montgomery St
72%
Fremont
71%
Richmond
71%
Dublin/Pleasanton
69%
San Francisco International Airport
69%
Civic Center/UN Plaza
68%
West Oakland
67%
South San Francisco
66%
Balboa Park
62%
Glen Park
60%
Downtown Berkeley
58%
Hayward
58%
19th St
57%
24th St/MIssion
57%
San Bruno
57%
San Leandro
57%
16th St/Mission
56%
Concord
56%
Pittsburg/Bay Point
56%
12th St/Oakland City Center
55%
MacArthur
55%
Walnut Creek
55%
Ashby
54%
North Berkeley
54%
Colma
51%
Union CIty
51%
Coliseum
50%
Orinda
50%
West Dublin/Pleasanton
50%
Lafayette
49%
Fruitvale
48%
Lake Merritt
48%
Rockridge
48%
South Fremont/Warm Springs
46%
Oakland International Airport
42%
Castro Valley
40%
El Cerrito del Norte
40%
El Cerrito Plaza
38%
North Concord/Martinez
36%
Bay Fair
35%
Pleasant Hill/Contra Costa Center
34%
South Hayward
33%
No matching quizzes found
Score Distribution
Percent of People with Each Score
Percentile by Number Answered
Your Score History
You have not taken this quiz since the last reset